| 000 | 00724nam a2200229 a 4500 | ||
|---|---|---|---|
| 001 | BRCA_7159 | ||
| 005 | 20190321142936.0 | ||
| 008 | 110112s1959----u--a######---#000-0#eng-# | ||
| 041 | _aeng | ||
| 044 | _au | ||
| 050 | 4 | _b.S97 1959 | |
| 100 | 1 |
_aSoria, Martin S. _912006 |
|
| 245 | 1 | 0 |
_aA life-size St. Francis by Zurbaran in the Milwaukee Art Center _cby Martin S. Soria |
| 260 |
_a[Estados Unidos] _bThe Art Quarterly _cSummer 1959 |
||
| 300 |
_a[148-153] _bil. _c28 cm. |
||
| 500 | _aArtículo de revista inventariado por Banco de México como libro | ||
| 500 | _aEjemplar dedicado a Franz Mayer por el autor | ||
| 500 | _aO182 | ||
| 650 | 1 | 4 |
_aPintura _xFrancisco Zurbarán _917760 |
| 902 | _aGFM | ||
| 942 |
_2lcc _cB |
||
| 999 |
_c6840 _d6840 |
||